=LDR 00000nam 2200000 4500 =001 INLIS000000000009904 =005 20250506091042 =035 ##$$a 0010-061300000009904 =008 250506###########################0###### =041 ##$$a Ind =082 ##$$a F Rom K =090 ##$$a F Rom K, Dul g =100 ##$$a Dulche, Yolanda Vargas =245 1#$$a Ganjaran untuk Mimin, /$c Dulche, Yolanda Vargas =260 ##$$a Jakarta :$b Sinar Harapan,$c 1986 =300 ##$$a 32 hlm : $b ilus ; $c 19 x 13 cm =650 #4$$a Fiksi anak-anak =850 ##$$a NBPNMAT =084 ##$$a F Rom K DUL g =990 ##$$a 01201708167